Normal view
MARC view
- Mayo Clinic
Entry Nombre Corporativo
001 - NÚMERO DE CONTROL
- campo de control: 51053
003 - IDENTIFICADOR DE NUMERO DE CONTROL
- campo de control: UPN
005 - FECHA Y HORA DE LA ÜLTIMA TRANSACCIÓN
- campo de control: 20240216075056.0
008 - DATOS DE LONGITUD FIJA
- campo de control de longitud fija: 240215|| aca||abbn | a|a d
040 ## - FUENTE DE CATALOGACIÓN
- Agencia original de catalogación: MX-MxUPN
- Lenguaje de catalogación: spa
- Agencia transcribe: MX-MxUPN
110 2# - ENCABEZAMIENTO - NOMBRE CORPORATIVO
- Nombre corporativo o de jurisdicción como elemento de entrada : Mayo Clinic
410 ## - MENCIÓN DE REFERENCIA “VÉASE” – NOMBRE DE ENTIDAD CORPORATIVA
- Corporate name or jurisdiction name as entry element: Clínica Mayo
670 ## - FUENTE EN LA QUE SE LOCALIZARON DATOS
- Cita de la fuente : Library of Congress, 15 de febrero de 2024:
- Información localizada: (Mayo Clinic)
- Uniform Resource Identifier: https://lccn.loc.gov/n79026897
670 ## - FUENTE EN LA QUE SE LOCALIZARON DATOS
- Cita de la fuente : LIBRUNAM Autoridades, 15 de febrero de 2024 :
- Información localizada: (Mayo Clinic)
902 ## - CATALOGADOR
- Catalogador: MaríaRobles/150224
